| 000 | 00401 a2200133 4500 | ||
|---|---|---|---|
| 001 | 92989 | ||
| 082 | _aPR 2446 | ||
| 090 |
_c44625 _d44626 |
||
| 100 | _aImran Mehmood,Prof Abdul Mateen(Advisor) | ||
| 245 |
_aDesign and Fabrication of an Equal Split Wilkinson's Power Divider at a Frequency of 960 MHz _n62'B' EC |
||
| 260 |
_aIslamabad _bNUST _c2007 |
||
| 300 | _avi,41 | ||
| 500 | _aBE Project Report | ||
| 942 |
_aCAE NUST _kPR 2446 |
||
| 999 |
_c328062 _d328062 |
||